Good night, little rabbit / (Record no. 3762)

MARC details
000 -LEADER
fixed length control field 00857nam a22002657a 4500
001 - CONTROL NUMBER
control field 3762
003 - CONTROL NUMBER IDENTIFIER
control field FISKH
005 - DATE AND TIME OF LATEST TRANSACTION
control field 20240430144158.0
008 - FIXED-LENGTH DATA ELEMENTS--GENERAL INFORMATION
fixed length control field 240430b cb ||||| |||| 00| 0 eng d
020 ## - INTERNATIONAL STANDARD BOOK NUMBER
International Standard Book Number 0871131277
040 ## - CATALOGING SOURCE
Original cataloging agency FISKH
Language of cataloging eng
Transcribing agency FISKH
Modifying agency FISKH
050 ## - LIBRARY OF CONGRESS CALL NUMBER
Classification number PZ7
082 ## - DEWEY DECIMAL CLASSIFICATION NUMBER
Classification number Fic
100 ## - MAIN ENTRY--PERSONAL NAME
Personal name Wabbes, Marie
Relator term author
245 ## - TITLE STATEMENT
Title Good night, little rabbit /
Statement of responsibility, etc. Marie Wabbes
260 ## - PUBLICATION, DISTRIBUTION, ETC.
Place of publication, distribution, etc. London :
Name of publisher, distributor, etc. Walker Books ,
Date of publication, distribution, etc. 1987
300 ## - PHYSICAL DESCRIPTION
Extent 17​ unnumbered pages :
Other physical details color illustrations ;
Dimensions 18 cm .
505 ## - FORMATTED CONTENTS NOTE
Formatted contents note F <br/>
520 ## - SUMMARY, ETC.
Summary, etc. Little Rabbit prepares for his bedtime by taking a bath, having a carrot treat, putting on his pajamas, brushing his teeth, and locating his favorite toy.
521 8# - TARGET AUDIENCE NOTE
Target audience note 300 <br/>
Source Lexile estimate <br/><br/>
521 8# - TARGET AUDIENCE NOTE
Target audience note F <br/>
Source Raz-Plus <br/>
650 ## - SUBJECT ADDED ENTRY--TOPICAL TERM
Topical term or geographic name entry element Rabbit
Form subdivision Fiction
942 ## - ADDED ENTRY ELEMENTS (KOHA)
Source of classification or shelving scheme Dewey Decimal Classification
Koha item type Books
Suppress in OPAC No
Holdings
Withdrawn status Lost status Source of classification or shelving scheme Damaged status Not for loan Collection Home library Current library Shelving location Date acquired Total Checkouts Full call number Barcode Date last seen Price effective from Koha item type
    Dewey Decimal Classification     Juvenile Fiction Footprints International School Library Network Toul Kork Campus Footprints International School Library Network Toul Kork Campus   04/30/2024   WAB PZ7 FISBK057045 04/30/2024 04/30/2024 Books